A Guide to Professional Doctorates in Business and Management/ (Record no. 9456)

MARC details
000 -LEADER
fixed length control field 00597nam a22001937a 4500
003 - CONTROL NUMBER IDENTIFIER
control field OSt
005 - DATE AND TIME OF LATEST TRANSACTION
control field 20241023185400.0
008 - FIXED-LENGTH DATA ELEMENTS--GENERAL INFORMATION
fixed length control field 241023b |||||||| |||| 00| 0 eng d
020 ## - INTERNATIONAL STANDARD BOOK NUMBER
International Standard Book Number 978113702419x
040 ## - CATALOGING SOURCE
Original cataloging agency MUST
Transcribing agency DDC
082 ## - DEWEY DECIMAL CLASSIFICATION NUMBER
Classification number 658 PRO 2013
100 ## - MAIN ENTRY--PERSONAL NAME
Personal name Edited by Lisa Anderson... (et al)
9 (RLIN) 19287
245 ## - TITLE STATEMENT
Title A Guide to Professional Doctorates in Business and Management/
260 ## - PUBLICATION, DISTRIBUTION, ETC. (IMPRINT)
Place of publication, distribution, etc. United Kingdoms;
Name of publisher, distributor, etc. Palgrave Macmillan,
Date of publication, distribution, etc. 2013.
300 ## - PHYSICAL DESCRIPTION
Extent vi.,248p.:
Other physical details ill;
Dimensions 27.8cm
504 ## - BIBLIOGRAPHY, ETC. NOTE
Bibliography, etc Includes Appendixes, Indexes and References
650 ## - SUBJECT ADDED ENTRY--TOPICAL TERM
Topical term or geographic name as entry element Management
9 (RLIN) 364
942 ## - ADDED ENTRY ELEMENTS (KOHA)
Source of classification or shelving scheme Dewey Decimal Classification
Koha item type Open Shelf
Holdings
Withdrawn status Lost status Source of classification or shelving scheme Damaged status Not for loan Home library Current library Date acquired Source of acquisition Inventory number Total Checkouts Full call number Barcode Date last seen Price effective from Koha item type
    Dewey Decimal Classification     MUST Main Library MUST Main Library 23/10/2024 Purchase 24/42255   658 PRO 2013 2024-22523 23/10/2024 23/10/2024 Open Shelf
    Dewey Decimal Classification     MUST Main Library MUST Main Library 23/10/2024 Purchase 24/42254   658 PRO 2013 2024-22524 23/10/2024 23/10/2024 Open Shelf
    Dewey Decimal Classification     MUST Main Library MUST Main Library 23/10/2024 Purchase 24/42253   658 PRO 2013 2024-22525 23/10/2024 23/10/2024 Open Shelf